000 00580nam a2200217Ii 4500
003 JO-AjNU
008 230606s9999||||xx |||||||||||||| ||und||
020 _a978-93-5014-013-8
040 _aJO-AjNU
_beng
_erda
_cJO-AjNU
041 _aeng
050 1 4 _aTA405.U63.2014
100 3 _aUpadhyay,
_eauthor
_94597
245 0 0 _aStrength of materilas
250 _a1 ed
264 3 1 _aNew Delhi: S.K,2014
300 _a350p
336 _atext
_btxt
_2rdacontent
337 _aunmediated
_bn
_2rdamedia
338 _avolume
_bnc
_2rdacarrier
650 4 _aStrength of materilas
_94598
999 _aE2384
_c2382
_d2382